| 000 | 00393 a2200109 4500 | ||
|---|---|---|---|
| 001 | ART_7994 | ||
| 005 | 20260410161639.0 | ||
| 008 | 260409a | ||
| 245 | 1 | 0 | _aLos efectos de la crisis del año 2002 y el Impuesto sobre los Ingresos Brutos de las entidades financieras |
| 100 | 1 | _aCalcagno, Gabriel A | |
| 773 | 0 |
_tConsultor tributario _g- Vol. 2, Nº 20 (oct. 2008) _wREV474 |
|
| 999 |
_c13122 _d13122 |
||